Open Data Biblioteca Nacional de Portugal


República Portuguesa: Ministério da Cultura
Biblioteca Nacional de Portugal

Catálogo da BNP: acesso por Identificadores Unívocos
Registos Bibliográficos associados ao registo de autoridade

Etiqueta de registo: 00254nam 2200025 450
001 2284078
003 http://id.bnportugal.gov.pt/bib/catbnp/2284078
010 ## $a978-989-9221-63-5
021 ## $aPT$b544429/25
100 ## $a20260410d2026 c y0pory01030103ba
101 1# $apor$ceng
102 ## $aPT
105 ## $aa z 000fy
106 ## $ar
200 1# $aSofia, a coelha que diz não sim$fChris Parker$gil, Ella Bailey$gtrad. Beatriz Coelho
205 ## $a1ª ed
210 #9 $aLisboa$cJacarandá,$d2026
215 ## $a109, [1] p.$cil.$d24 cm
304 ## $aTít. orig.: The yes bunny
675 ## $a087.5$vBN$zpor$3287999
675 ## $a821.111-93"20"$vBN$zpor$31119373
700 #1 $aParker,$bChris$31995339
701 #1 $aBailey,$bElla$4440$31781737
702 #1 $aCoelho,$bMaria Beatriz$4730$3250086
801 #0 $aPT$bBN$gRPC
856 41 $uhttp://rnod.bnportugal.gov.pt/ImagesBN/winlibimg.aspx?skey=&doc=2284078&img=221683&save=true
966 ## $lBN$mFGMON$sP. 72629 V.$x1
966 ## $lBN$mFGMON$sP. 72629 V.-D$x1
971 ## $cisantos$d20260410
973 ## $cigoulao$d20260423

OpendataBNP@bnportugal.pt | Mais informação sobre acesso aos dados BNP